Berühmte Generäle - Statistiken

Allgemein
  • Dieses Quiz wurde 5.721 mal gespielt
  • Das Durchschnittsergebnis liegt bei 11 aus 21
Antwortstatistiken
Wann Hinweis General % Korrekt
Koalitionskriege Franzose, der weite Teile Europas eroberte Napoleon Bonaparte
92%
2. Punischer Krieg Überquerte die Alpen mit Elefanten um Rom anzugreifen Hannibal
90%
circa 330 v. Chr. Griechischer Eroberer Persiens Alexander der Große
87%
circa 50 v. Chr. Römischer Staatsmann, der Gallien eroberte Gaius Iulius Caesar
86%
Amerikanischer Unabhängigkeitskrieg Oberbefehlshaber, 1. Präsident und Nationalheld George Washington
77%
frühe 1200er Khan, welcher Zentralasien eroberte Dschingis Khan
76%
ca. 800 Frankenkönig, der sein Reich auf dem Gebiet des heutigen Deutschland, Frankreich und Italien aufbaute Karl der Große
72%
2. Weltkrieg der deutsche "Wüstenfuchs" Erwin Rommel
71%
ca. 440 Dieser als "Geißel Gottes" bekannte Hunne regierte kurzzeitig Mitteleuropa Attila der Hunne
66%
ca. 1750 Aufgeklärter Absolutist, der Preußen zur Großmacht machte Friedrich der Große
64%
1. Weltkrieg Oberster deutscher Heeresführer des 1. Weltkrieges, der nach dem Krieg zum Reichspräsidenten gewählt wurde Paul von Hindenburg
61%
Koalitionskriege Britischer Admiral, der in der Schlacht von Trafalgar starb Horatio Nelson
48%
2. Weltkrieg Supreme Commander der USA in Europa Dwight D. Eisenhower
39%
Englischer Bürgerkrieg Lordprotektor, der versuchte England zur Republik umzuwandeln Oliver Cromwell
39%
Kreuzzüge Sultan, dessen Rückeroberung Jerusalem den 3. Kreuzzug auslöste Saladin
37%
2. Punischer Krieg Römischer Staatsmann, der Karthago eroberte {Scipio} Africanus
33%
Koalitionskriege Siegreicher britischer Feldmarschall in der Schlacht von Waterloo Duke of Wellington
28%
Sezessionskrieg Oberbefehlshaber der Truppen der Konföderation Robert E. Lee
28%
Sezessionskrieg Oberbefehlshaber der Truppen der Union Ulysses S. Grant
24%
Koalitionskriege Siegreicher preußischer Generalfeldmarschall in der Schlacht von Waterloo Gebhard von Blücher
23%
Sonderbundskrieg Erster General des Schweizer Bundesstaats, der auch als Gründer des Roten Kreuzes bekannt wurde Guillaume-Henri Dufour
6%
Keine übereinstimmenden Quizze gefunden
Verteilung der Resultate
Anzahl Personen mit jedem Resultat
Perzentil nach korrekt beantworteten Fragen
Ihre Resultats-Entwicklung
Sie haben dieses Quiz noch nicht gespielt